| 000 | 01301nam a2200409 c 4500 | ||
|---|---|---|---|
| 999 |
_c50530 _d50530 |
||
| 001 | 50530 | ||
| 003 | ES-MaCES | ||
| 005 | 20191106145529.0 | ||
| 008 | 180213s2017 sp 000 | spa d | ||
| 017 |
_aB 23183-2017 _bDL |
||
| 020 | _a9788433964175 | ||
| 040 |
_aES-MaCES _bspa _cES-MaCES |
||
| 100 | 1 |
_aZafra, Remedios _938922 |
|
| 245 | 1 | 3 |
_aEl entusiasmo _b: precariedad y trabajo creativo en la era digital _cRemedios Zafra |
| 250 | _a1ª ed | ||
| 260 |
_aBarcelona _bAnagrama _c2017 |
||
| 300 |
_a260, [3] p. _bil. bl. y n. _c22 cm |
||
| 490 | 1 |
_aColección Argumentos _v514 |
|
| 500 | _aEn la cub.: Premio Anagrama de Ensayo | ||
| 504 | _aBibliografía: p. 255-260 | ||
| 541 | _cCompra | ||
| 650 | 4 |
_anuevas tecnologías _930788 |
|
| 650 | 4 |
_acambio tecnológico _928236 |
|
| 650 | 4 |
_atecnología de la información _930104 |
|
| 650 | 4 |
_aInternet _930572 |
|
| 650 | 4 |
_aempleo precario _930171 |
|
| 650 | 4 |
_atrabajador profesional _928420 |
|
| 650 | 4 |
_aocupación _928402 |
|
| 650 | 4 |
_adesarrollo de la carrera _929403 |
|
| 650 | 4 |
_apensamiento creador _927447 |
|
| 650 | 4 |
_ainvestigación _928827 |
|
| 650 | 4 |
_acultura _927265 |
|
| 653 | 1 | 0 | _aEmpleo |
| 830 | 0 |
_aColección Argumentos (Editorial Anagrama) _v514 _933432 |
|
| 902 | _aLIB Libro | ||
| 942 |
_2CES _cBK _h2.1. |
||